Major U.S Airlines - Statistics

General Stats
  • This quiz has been taken 33 times
  • The average score is 8 of 11
Answer Stats
Airline % Correct
American Airlines
100%
Delta
96%
Southwest
96%
United Airlines
89%
Alaska
82%
JetBlue
82%
Spirit
75%
Frontier
68%
Hawaiian Airlines
68%
Allegiant
50%
Breeze Airways
21%
No matching quizzes found
Score Distribution
Percent of People with Each Score
Percentile by Number Answered
Your Score History
You have not taken this quiz